Taylor Swift - Chansons en sandwich #2 - Statistiques

Statistiques générales
  • Ce quiz a été pris 128 fois
  • Le résultat moyen est 9 sur 10
Statistiques - réponses
Indice Manquant Indice % Correct
The Moment I Knew You Were Trouble
100%
...Ready for It 's time to go
100%
Soon You'll Get Better Than Revenge
99%
You Need To Calm Down Bad
99%
How Did It End Game
99%
Would've, Could've Should've Said No
97%
Dancing With Our Hands Tied Together With a Smile
91%
Sweet Nothing New
90%
Stay Beautiful Ghosts
69%
Beautiful Eyes Open
69%
Aucun quiz correspondant
Distribution des résultats
% des personnes avec chaque résultat
Percentile par nombre de réponses
Votre historique - résultats
Vous n’avez pas pris ce quiz